Personnages du Livre de la Jungle par images - Disney - Statistiques

Statistiques générales
  • Ce quiz a été pris 39 fois
  • Le résultat moyen est 6 sur 16
Statistiques - réponses
Par images Réponse % Correct
Baloo
100%
Mowgli
94%
Kaa
89%
Bagheera
81%
Shere Khan
75%
Roi Louie
53%
Akela
28%
Colonel Hathi
22%
Shanti
19%
Rama
11%
Junior
6%
Buzzie
3%
Dizzy
3%
Winifred
3%
Flaps
0%
Ziggy
0%
Aucun quiz correspondant
Distribution des résultats
% des personnes avec chaque résultat
Percentile par nombre de réponses
Votre historique - résultats
Vous n’avez pas pris ce quiz